Countries of the East African Community on a Map - Statistics

General Stats
  • This quiz has been taken 34 times
  • The average score is 8 of 8
Answers on the Map
Answers color-coded by a green-red scale on the quiz's map according to % correct below.
 
Answer Stats
Joined Member % Correct
2024 Somalia
100%
2022 DR Congo
96%
2007 Burundi
93%
2000 Kenya
93%
2007 Rwanda
93%
2016 South Sudan
93%
2000 Uganda
93%
2000 Tanzania
89%
No matching quizzes found
Score Distribution
Percent of People with Each Score
Percentile by Number Answered
Your Score History
You have not taken this quiz